000 00629nam a2200229Ia 4500
003 OSt
005 20221005130958.0
006 a|||||r|||| 00| 0
007 ta
008 221004b |||||||| |||| 00| 0 urd d
024 _a9511
037 _cTextual
040 _aCRL
_cCRL
_burd
041 _2urd
_aurd
082 _aQ7wM14, 168D4
100 _aAbdul Hamid Abdul Wahid Ghaznawi Au.
_9638948
245 0 _aSawaneh umri Maulvi Abdullah al ghaznawi
260 _c1904
650 _aBIOGRAPHY
942 _hQ7wM14, 168D4
_cTEXL
_2cc
999 _c1058998
_d1058998